01121nam a2200289 a 45000010008000000030009000080050017000170070003000340080031000370200015000680400030000830820031001132450148001442640037002923000047003293360027003763370035004033380030004385000036004685900026005046500054005306500047005849100042006319420012006739520129006859990017008140000403DO-SdBPM20260119130041.0ta091125s1998 sp a 000 0 spa d a8434837935 aDO-SdBPMbspacBPMSUerda 4aR372.2103 bD545e 199822210aDiccionario en imágenes dicomages para niños /ctraducción Christine Yvon; ilustración Gusti; fotografías Javier calbet... [y otros] aMadrid : bSM. Ediciones, c1998 a93 páginas :bilustraciones ;c27 cm.  atextobtxt2rdacontent asin mediación bn2rdamedia  avolumen bnc2rdacarrier  aLibros infantiles en francés  aInventariado, 2026/VM 7aEducación preescolar xDiccionarios infantiles. 4aEnciclopedias y diccionarios para niños. a VMateo V. Control de calidad. BPMSU  2ddccBK 00102ddc708CI-GaBPMETbBPMETd2026-01-19l0oBPMSU CGIR R372.2103 D545e 1998pBPMSU26010024r2026-01-19w2026-01-19yBK c15611d15611